000 00963nam a2200253 a 4500
001 000047934
005 20201002060820.0
008 150602s2016 dr a 000 0 spa d
020 _a9789945595758
082 _axx
_bxx
100 1 _aValdez, Lidia
_974867
245 0 0 _aLengua española 5 :
_bQuinto grado, segundo ciclo educación primaria /
_cLidia Valdez ; producción editorial María del Jesús de la Rosa ; ilustraciones Henry Cid ; Corrección de texto Danilda Pérez.
260 _aSanto Domingo :
_bActualidad escolar 2000,
_c2016.
300 _av. :
_bil. ;
_c22 cm.
490 _aVeraz
505 0 _av.1 :
_tLibro de texto --
_gv. 2 :
_tLibro del maestro
590 _aInventariado, 2018/VM
700 1 _aJesús de la Rosa, María del
_eed.
_929833
700 1 _aPérez, Danilda
_ecorr.
_973778
700 1 _aCid, Henry
_eil.
_9346
710 2 _aActualidad Escolar2000 (República Dominicana)
_974868
830 0 0 _aVeraz
_974848
999 _c47422
_d47422
040 _aDO-SdBNP